Normal view MARC view
  • Wajeeha Tauqir (00000103863)

Entry Personal Name

Number of records used in: 1

001 - CONTROL NUMBER

  • control field: 116460

003 - CONTROL NUMBER IDENTIFIER

  • control field: NUST

005 - DATE AND TIME OF LATEST TRANSACTION

  • control field: 20230912165949.0

008 - FIXED-LENGTH DATA ELEMENTS

  • fixed length control field: 230912|| aca||aabn | a|a d

040 ## - CATALOGING SOURCE

  • Original cataloging agency: NUST
  • Transcribing agency: NUST

100 ## - HEADING--PERSONAL NAME

  • Personal name: Wajeeha Tauqir (00000103863)

670 ## - SOURCE DATA FOUND

  • Source citation: Work cat.: (NUST): Wajeeha Tauqir (00000103863), Modeling and Simulation of Biomass Gasification Integrated with Solid Oxide Fuel Cell System for Power Generation /, 2019
© 2023 Central Library, National University of Sciences and Technology. All Rights Reserved.